[Event "CZE-ch Youth B14 2022"]
[Site "Luhacovice"]
[Date "2022.03.14"]
[Round "3.9"]
[White "Sigut, Ondrej"]
[Black "Veverka, Vladimir"]
[Result "1-0"]
[WhiteElo "1536"]
[BlackElo "1723"]
[Annotator "NA"]
[PlyCount "113"]
[EventDate "2022.03.12"]
[EventType "swiss"]
[EventCountry "CZE"]
[SourceTitle "playchess.com"]
[Source "ChessBase"]
[SourceQuality "1"]
[TimeControl "40/5400+30:1800+30"]

1. e4 {[%emt 0:00:03]} e6 {[%emt 0:00:12]} 2. d4 {[%emt 0:00:08]} d5 {[%emt 0:00:10]} 3. e5 {[%emt 0:00:06]} c5 {[%emt 0:00:14]} 4. c3 {[%emt 0:00:11]} Qb6 {[%emt 0:00:30]} 5. Nf3 {[%emt 0:00:15]} Bd7 {[%emt 0:00:12]} 6. a3 {[%emt 0:00:55]} a5 {[%emt 0:01:22]} 7. Bd3 {[%emt 0:01:29]} Bb5 {[%emt 0:00:26]} 8. O-O {[%emt 0:02:07]} Bxd3 {[%emt 0:01:24]} 9. Qxd3 {[%emt 0:00:09]} Nc6 {[%emt 0:01:12]} 10. Rd1 {[%emt 0:07:24]} cxd4 {[%emt 0:01:50]} 11. cxd4 {[%emt 0:00:20]} Nge7 {[%emt 0:01:45]} 12. Nc3 {[%emt 0:01:44]} Nf5 {[%emt 0:00:58]} 13. Nxd5 {[%emt 0:08:51]} Qd8 {[%emt 0:02:49]} 14. Ne3 {[%emt 0:02:32]} Nfe7 {[%emt 0:00:55]} 15. d5 {[%emt 0:04:34]} Nxd5 {[%emt 0:01:05]} 16. Nxd5 {[%emt 0:00:23]} exd5 {[%emt 0:00:18]} 17. Qxd5 {[%emt 0:00:07]} Qc7 {[%emt 0:00:42]} 18. Be3 {[%emt 0:05:59]} Be7 {[%emt 0:01:21]} 19. Rac1 {[%emt 0:03:31]} O-O {[%emt 0:00:46]} 20. Qd7 {[%emt 0:01:41]} Qb8 {[%emt 0:01:04]} 21. Qf5 {[%emt 0:02:27]} Rd8 {[%emt 0:00:49]} 22. Bg5 {[%emt 0:02:44]} Rxd1+ {[%emt 0:01:06]} 23. Rxd1 {[%emt 0:00:02]} Qe8 {[%emt 0:01:45]} 24. h3 {[%emt 0:07:53]} h6 {[%emt 0:02:42]} 25. Bxe7 {[%emt 0:02:33]} Qxe7 {[%emt 0:00:38]} 26. Rd7 {[%emt 0:01:32]} Qe8 {[%emt 0:01:03]} 27. Rxb7 {[%emt 0:01:50]} Rb8 {[%emt 0:00:41]} 28. Rxb8 {[%emt 0:01:31]} Qxb8 {[%emt 0:00:09]} 29. e6 {[%emt 0:01:50]} f6 {[%emt 0:01:00]} 30. Qd5 {[%emt 0:01:46]} Qe8 {[%emt 0:01:58]} 31. Nd4 {[%emt 0:08:18]} Nxd4 {[%emt 0:02:04]} 32. Qxd4 {[%emt 0:00:21]} Qxe6 {[%emt 0:00:14]} 33. Qd8+ {[%emt 0:00:22]} Kh7 {[%emt 0:00:16]} 34. Qxa5 {[%emt 0:00:08]} Qb3 {[%emt 0:01:20]} 35. Qc3 {[%emt 0:01:58]} Qd1+ {[%emt 0:03:43]} 36. Kh2 {[%emt 0:00:15]} Qd6+ {[%emt 0:01:21]} 37. g3 {[%emt 0:00:11]} Qb6 {[%emt 0:00:54]} 38. Qc2+ {[%emt 0:00:41]} Kh8 {[%emt 0:00:33]} 39. b4 {[%emt 0:00:27]} Qb5 {[%emt 0:01:44]} 40. Qc5 {[%emt 0:00:39]} Qa4 {[%emt 0:01:27]} 41. b5 {[%emt 0:32:03]} Qa5 {[%emt 0:33:21]} 42. Qb4 {[%emt 0:04:36]} Qb6 {[%emt 0:01:11]} 43. Qb2 {[%emt 0:00:23]} h5 {[%emt 0:03:36]} 44. h4 {[%emt 0:03:08]} Kg8 {[%emt 0:01:41]} 45. a4 {[%emt 0:01:44]} g5 {[%emt 0:01:16]} 46. hxg5 {[%emt 0:02:29]} fxg5 {[%emt 0:00:14]} 47. a5 {[%emt 0:02:52]} Qb7 {[%emt 0:01:18]} 48. Qe5 {[%emt 0:05:28]} h4 {[%emt 0:00:46]} 49. Qxg5+ {[%emt 0:01:32]} Kf8 {[%emt 0:00:41]} 50. Qh6+ {[%emt 0:01:12]} Kg8 {[%emt 0:00:14]} 51. Qg5+ {[%emt 0:00:09]} Kf8 {[%emt 0:00:17]} 52. gxh4 {[%emt 0:01:05]} Qc7+ {[%emt 0:00:32]} 53. Kg2 {[%emt 0:01:58]} Qxa5 {[%emt 0:00:23]} 54. h5 {[%emt 0:01:59]} Qa8+ {[%emt 0:00:29]} 55. f3 {[%emt 0:01:49]} Qa2+ {[%emt 0:00:17]} 56. Kg3 {[%emt 0:00:10]} Qb1 {[%emt 0:01:08]} 57. Qf6+ {[%emt 0:00:31]} 1-0

[Event "CZE-ch Youth B14 2022"]
[Site "Luhacovice"]
[Date "2022.03.14"]
[Round "3.10"]
[White "Mrazek, Adam"]
[Black "Svoboda, Daniel"]
[Result "0-1"]
[WhiteElo "1582"]
[BlackElo "1619"]
[Annotator "NA"]
[PlyCount "66"]
[EventDate "2022.03.12"]
[EventType "swiss"]
[EventCountry "CZE"]
[SourceTitle "playchess.com"]
[Source "ChessBase"]
[SourceQuality "1"]
[TimeControl "40/5400+30:1800+30"]

1. d4 {[%emt 0:00:05]} Nf6 {[%emt 0:00:11]} 2. Nf3 {[%emt 0:00:07]} c5 {[%emt 0:02:28]} 3. e3 {[%emt 0:02:14]} g6 {[%emt 0:01:10]} 4. c4 {[%emt 0:08:01]} Bg7 {[%emt 0:01:54]} 5. Nc3 {[%emt 0:02:12]} O-O {[%emt 0:04:24]} 6. Be2 {[%emt 0:02:27]} cxd4 {[%emt 0:01:33]} 7. Nxd4 {[%emt 0:10:10]} Nc6 {[%emt 0:09:08]} 8. O-O {[%emt 0:04:00]} a6 {[%emt 0:06:49]} 9. e4 {[%emt 0:12:58]} d6 {[%emt 0:04:41]} 10. Be3 {[%emt 0:02:50]} Bd7 {[%emt 0:06:29]} 11. Qd2 {[%emt 0:06:03]} Ne5 {[%emt 0:07:08]} 12. Bh6 {[%emt 0:09:30]} Rc8 {[%emt 0:02:10]} 13. Bxg7 {[%emt 0:03:26]} Kxg7 {[%emt 0:00:07]} 14. b3 {[%emt 0:00:13]} Qc7 {[%emt 0:07:15]} 15. Rac1 {[%emt 0:07:08]} Bc6 {[%emt 0:04:43]} 16. f3 {[%emt 0:17:59]} Bd7 {[%emt 0:09:03]} 17. Rfd1 {[%emt 0:05:57]} Bc6 {[%emt 0:05:37]} 18. Kh1 {[%emt 0:00:30]} b6 {[%emt 0:03:05]} 19. Bf1 {[%emt 0:01:37]} Rfd8 {[%emt 0:03:47]} 20. Rc2 {[%emt 0:01:32]} Qb7 {[%emt 0:04:24]} 21. Rdc1 {[%emt 0:00:43]} Rc7 {[%emt 0:02:21]} 22. Nd5 {[%emt 0:01:03]} Bxd5 {[%emt 0:02:23]} 23. cxd5 {[%emt 0:00:38]} Rdc8 {[%emt 0:03:30]} 24. Rxc7 {[%emt 0:00:31]} Rxc7 {[%emt 0:00:06]} 25. Rxc7 Qxc7 {[%emt 0:00:06]} 26. Bxa6 {[%emt 0:00:41]} Qa7 {[%emt 0:05:26]} 27. Bb5 {[%emt 0:00:46]} Qa3 {[%emt 0:01:31]} 28. Qc2 {[%emt 0:00:27]} Qb4 {[%emt 0:00:54]} 29. Qd1 {[%emt 0:00:40]} Qc3 {[%emt 0:01:11]} 30. a4 {[%emt 0:00:31]} h5 {[%emt 0:00:52]} 31. Kg1 {[%emt 0:00:24]} Qe3+ {[%emt 0:00:47]} 32. Kf1 {[%emt 0:00:23]} Qc3 {[%emt 0:00:35]} 33. Ke2 {[%emt 0:00:36]} h4 {[%emt 0:00:36]} 0-1

[Event "CZE-ch Youth B14 2022"]
[Site "Luhacovice"]
[Date "2022.03.14"]
[Round "3.11"]
[White "Vysinsky, Otakar"]
[Black "Juhanak, Daniel"]
[Result "1/2-1/2"]
[WhiteElo "1534"]
[BlackElo "1688"]
[Annotator "NA RC"]
[PlyCount "106"]
[EventDate "2022.03.12"]
[EventType "swiss"]
[EventCountry "CZE"]
[SourceTitle "playchess.com"]
[Source "ChessBase"]
[SourceQuality "1"]
[TimeControl "40/5400+30:1800+30"]

1. e4 {[%emt 0:00:05]} c5 {[%emt 0:00:20]} 2. Nc3 {[%emt 0:00:04]} d6 {[%emt 0:00:34]} 3. g3 {[%emt 0:00:19]} Nc6 {[%emt 0:00:34]} 4. Bg2 {[%emt 0:00:25]} g6 {[%emt 0:00:30]} 5. d3 {[%emt 0:00:32]} Bg7 {[%emt 0:00:38]} 6. Be3 {[%emt 0:01:25]} Rb8 {[%emt 0:00:45]} 7. Qd2 {[%emt 0:04:08]} b5 {[%emt 0:00:44]} 8. f4 {[%emt 0:02:22]} b4 {[%emt 0:06:09]} 9. Nd1 {[%emt 0:01:19]} e6 {[%emt 0:06:38]} 10. Ne2 {[%emt 0:07:45]} Nd4 {[%emt 0:04:46]} 11. c3 {[%emt 0:05:17]} Nxe2 {[%emt 0:02:17]} 12. Qxe2 {[%emt 0:00:03]} bxc3 {[%emt 0:04:23]} 13. bxc3 {[%emt 0:01:23]} Qa5 {[%emt 0:13:45]} 14. Rc1 {[%emt 0:06:13]} Ne7 {[%emt 0:04:19]} 15. O-O {[%emt 0:01:46]} O-O {[%emt 0:04:05]} 16. Qc2 {[%emt 0:14:38]} Ba6 {[%emt 0:02:31]} 17. Bd2 {[%emt 0:03:53]} Rfd8 {[%emt 0:07:35]} 18. Re1 {[%emt 0:03:50]} e5 {[%emt 0:05:34]} 19. c4 {[%emt 0:06:26]} Qa3 {[%emt 0:08:11]} 20. Bc3 {[%emt 0:07:45]} Nc6 {[%emt 0:02:00]} 21. f5 {[%emt 0:06:31]} Nd4 {[%emt 0:04:22]} 22. Bxd4 {[%emt 0:05:10]} cxd4 {[%emt 0:00:33]} 23. Rb1 {[%emt 0:00:19]} Rb4 {[%emt 0:02:21]} 24. Rxb4 {[%emt 0:01:34]} Qxb4 {[%emt 0:00:06]} 25. Re2 {[%emt 0:00:55]} Rb8 {[%emt 0:14:06]} 26. Qb2 {[%emt 0:00:41]} Bc8 {[%emt 0:01:55]} 27. g4 {[%emt 0:01:42]} a5 {[%emt 0:01:09]} 28. Qxb4 {[%emt 0:02:40]} Rxb4 {[%emt 0:02:19]} 29. Rb2 {[%emt 0:00:36]} Bh6 {[%emt 0:00:36]} 30. Kf1 {[%emt 0:03:02]} Bd7 {[%emt 0:00:55]} 31. Ke1 {[%emt 0:06:59]} Bc1 {[%emt 0:00:17]} 32. Rxb4 {[%emt 0:02:50]} axb4 {[%emt 0:00:01]} 33. Nf2 {[%emt 0:00:29]} Ba4 {[%emt 0:00:32]} 34. Bf3 {[%emt 0:00:28]} Bc2 {[%emt 0:01:01]} 35. Bd1 {[%emt 0:00:39]} Bb1 {[%emt 0:00:30]} 36. Bb3 {[%emt 0:00:41]} Be3 {[%emt 0:00:19]} 37. fxg6 {[%emt 0:01:26]} hxg6 {[%emt 0:00:20]} 38. c5 {[%emt 0:00:57]} dxc5 {[%emt 0:00:21]} 39. Bc4 {[%emt 0:00:18]} Bc2 {[%emt 0:01:10]} 40. Nd1 {[%emt 0:00:46]} Bxd1 {[%emt 0:00:28]} 41. Kxd1 {[%emt 0:30:08]} Kg7 {[%emt 0:07:24]} 42. Ke2 {[%emt 0:00:00]} f6 {[%emt 0:07:28]} 43. Kf3 {[%emt 0:00:00]} Bd2 {[%emt 0:01:33]} 44. h3 {[%emt 0:00:00]} Kh6 {[%emt 0:01:02]} 45. Bb3 {[%emt 0:00:00]} Kg5 {[%emt 0:02:45]} 46. Bc4 {[%emt 0:00:00]} f5 {[%emt 0:01:12]} 47. gxf5 {[%emt 0:00:00]} gxf5 {[%emt 0:00:28]} 48. Be6 {[%emt 0:00:00]} fxe4+ {[%emt 0:03:04]} 49. Kxe4 {[%emt 0:00:00]} Kf6 {[%emt 0:01:06]} 50. Bc4 {[%emt 0:00:00]} Bc3 {[%emt 0:01:19]} 51. h4 {[%emt 0:00:00]} Be1 {[%emt 0:02:08]} 52. h5 {[%emt 0:00:00]} Bd2 {[%emt 0:00:28]} 53. Bb3 {[%emt 0:00:00]} Bc3 {[%emt 0:01:30]} 1/2-1/2

[Event "CZE-ch Youth B14 2022"]
[Site "Luhacovice"]
[Date "2022.03.14"]
[Round "3.12"]
[White "Hozda, Max"]
[Black "Davidek, Zdenek"]
[Result "0-1"]
[WhiteElo "1901"]
[BlackElo "1570"]
[Annotator "TA"]
[PlyCount "214"]
[EventDate "2022.03.12"]
[EventType "swiss"]
[EventCountry "CZE"]
[SourceTitle "playchess.com"]
[Source "ChessBase"]
[SourceQuality "1"]

{[%evp 20,214,0,0,0,-14,0,0,0,-13,-14,-28,-29,-12,-8,-21,0,-20,36,12,79,6,108,93,102,-211,-206,-291,-287,-328,-331,-327,-263,-282,-282,-295,-227,-378,-387,-368,-288,-374,-368,-485,-475,-481,-380,-431,-245,-370,-356,-349,-368,-358,-349,-376,-346,-458,-380,-486,-393,-387,-383,-378,-302,-299,-209,-203,-225,-253,-252,-274,-274,-366,-364,-362,-371,-364,-370,-410,-408,-402,-400,-411,-364,-417,-384,-468,-468,-468,-468,-580,-566,-490,-454,-640,-640,-703,-578,-12846,-29943,-29949,-29940,-29958,-29959,-29956,-29959,-29960,-29961,-29959,-29959,-29960,-29959,-29959,-29960,-29963,-29960,-29958,-29961,-29960,-29963,-29965,-29955,-29955,-29954,-29955,-29952,-29957,-29952,-29953,-29956,-29968,-29969,-29969,-29970,-29969,-29949,-29972,-29971,-29971,-29970,-29970,-29971,-29971,-29972,-29972,-29972,-29972,-29973,-29974,-29975,-29973,-29974,-29974,-29975,-29975,-29976,-29974,-4133,-29974,-29978,-29974,-4129,-29979,-29980,-29976,-29979,-29981,-29982,-29982,-29976,-29983,-29984,-29987,-29986,-29988,-29987,-29989,-29990,-29990,-29990,-29991,-29990,-29991,-29992,-29992,-29992,-29993,-29994,-29994,-29995,-29995,-29994,-29996,-29995,-29997,-4153]} 1. d4 Nf6 2. c4 e6 3. Nc3 d5 4. Bg5 Be7 5. e3 O-O 6. cxd5 exd5 7. Bd3 Nbd7 8. Qc2 c6 9. Nf3 Re8 10. Nd2 Nf8 11. O-O g6 {D36: Queen's Gambit Declined: Exchange Variation: Main line (5 Bg5 c6 6 Qc2).} 12. Rab1 a5 13. a3 Ne6 {[#] The position is equal.} 14. Bxf6 $146 ({Predecessor:} 14. Bh4 Ng7 15. b4 axb4 16. axb4 Bf5 17. b5 Bxd3 18. Qxd3 Ra3 19. Rb3 Qa5 20. Ncb1 Rxb3 21. Nxb3 {½-½ (45) Kottahachchy,K (2017)-Kobayashi,A (1922) Vung Tau 2008}) 14... Bxf6 15. b4 axb4 16. axb4 Be7 17. Na4 b6 18. Nf3 (18. Qxc6 $2 Bd7 19. Qxd5 Bxa4 20. Qxd8 Raxd8 $19) 18... f6 {Inhibits Ne5.} ({Black should try} 18... b5 $11 19. Nc5 Nxc5 20. bxc5 Bf6) 19. h4 {[%cal Oh4h5]} (19. Qxc6 Bd7 20. Qxd5 Rxa4 $17) 19... Kg7 (19... b5 $1 $11 20. Nc5 Ng7) 20. Nc3 (20. Qxc6 Bd7 21. Qxd5 Nc7 $17) ({White should play} 20. h5 $16) 20... c5 (20... Bd6 $11) 21. dxc5 bxc5 22. Nxd5 {[%mdl 8192] White does not recover from this.} Qxd5 $19 23. Be4 {[#]} (23. Rfc1 $142) 23... Ra2 $1 {[%cal Ba8a2,Ba2c2,Bc2c3][%mdl 544]} 24. b5 (24. Bxd5 Rxc2) 24... Rxc2 25. Bxd5 Nd8 26. Bb3 Rc3 27. b6 Nb7 28. Nd2 $2 (28. Bd5 {was the only chance.}) 28... f5 29. Nf3 Kf6 30. Ba4 Rd8 31. Bc6 Rd6 32. Ba4 Bd7 33. e4 Kg7 (33... Bxa4 $2 34. e5+ Kg7 35. exd6 Bxd6 36. Rfc1 Rxc1+ 37. Rxc1 $19) (33... fxe4 $142 34. Ng5 Bf5) 34. e5 (34. Bxd7 {was the only defense.} Rxd7 35. Rfe1) 34... Rdd3 ({Wrong is} 34... Bxa4 $2 35. exd6 Bxd6 36. Rfc1 $19) 35. Bd1 Bc6 ({Avoid the trap} 35... c4 $2 36. Be2) 36. Be2 Rd8 (36... Bxf3 37. Bxd3 Rxd3 38. gxf3 $15) 37. Ra1 c4 {And now ...Rc2 would win.} 38. Ra7 h6 39. Bd1 Ra3 40. Be2 Rxa7 41. bxa7 {[%cal Of3d4]} Ra8 42. Nd4 Ba4 43. Ne6+ Kh7 {aiming for ...c3.} 44. Ra1 Rxa7 {White must now prevent ...c3.} 45. Bd1 {[#]} Ra6 46. Rxa4 (46. Nc7 Bxd1) 46... Rxe6 47. Rxc4 Rxe5 {...Re1+ is the strong threat.} 48. Kf1 {To avoid Re1+} Nc5 49. Bc2 Kg7 50. g3 Kf6 51. Kg2 Ne6 52. Bd1 Bc5 53. Ra4 Rd5 54. Bb3 Rd2 55. Ra2 Rxa2 56. Bxa2 Ke5 57. Kf3 (57. Bc4 $142) 57... Nd4+ 58. Kg2 g5 {Strongly threatening ...f4.} 59. hxg5 hxg5 60. f3 Nc2 61. Bb1 Ne1+ 62. Kf1 Nxf3 63. Kg2 g4 64. Ba2 f4 65. gxf4+ Kxf4 66. Bd5 Ne1+ 67. Kf1 Nc2 68. Bb7 Kg3 69. Bc8 Na3 70. Be6 Nb1 71. Ke2 Bb6 72. Bd7 Kh4 73. Kf1 Nd2+ 74. Kg2 Nc4 75. Bc8 Ne3+ 76. Kh1 Kg3 77. Kg1 Nf5+ 78. Kh1 Nd6 79. Bd7 Kf3 80. Bc6+ Kf2 81. Bd5 g3 82. Bg2 Bc7 83. Bc6 Nf5 84. Bg2 Nh4 85. Bf1 Bd8 86. Bg2 Be7 87. Bf1 g2+ 88. Bxg2 Nxg2 89. Kh2 Bc5 {[%cal Be7c5,Bc5g1,Bg1f2][%mdl 32]} 90. Kh1 Ne3 91. Kh2 Nf5 {Black mates.} 92. Kh1 Ng3+ 93. Kh2 Kf3 {[%cal Bf2f3,Bf3f4,Bf4f5,Bf5f6,Bf6f7,Bf7g6][%mdl 32]} 94. Kh3 Bg1 95. Kh4 Ne4 {[%cal Bg3e4,Be4g5,Bg5e6,Be6g7,Bg7f5][%mdl 32]} 96. Kh3 Ng5+ 97. Kh4 Kf4 98. Kh5 Kf5 99. Kh4 Bf2+ 100. Kh5 Be1 101. Kh6 Ne6 102. Kh5 Ng7+ 103. Kh6 Kf6 104. Kh7 Kf7 105. Kh8 Kg6 106. Kg8 Bb4 107. Kh8 Nf5 {Weighted Error Value: White=0.62/Black=0.30} 0-1

[Event "CZE-ch Youth B14 2022"]
[Site "Luhacovice"]
[Date "2022.03.14"]
[Round "4.1"]
[White "Brozka, Karel"]
[Black "Prazak, Daniel"]
[Result "1/2-1/2"]
[WhiteElo "2125"]
[BlackElo "2016"]
[Annotator "ChessBase"]
[PlyCount "95"]
[EventDate "2022.03.12"]
[EventType "swiss"]
[EventCountry "CZE"]
[SourceTitle "playchess.com"]
[Source "ChessBase"]
[SourceQuality "1"]
[TimeControl "40/5400+30:1800+30"]

1. d4 {[%emt 0:00:07]} Nf6 {[%emt 0:00:15]} 2. c4 {[%emt 0:00:11]} e6 {[%emt 0:00:07]} 3. Nc3 {[%emt 0:01:54]} d5 {[%emt 0:00:23]} 4. Bg5 {[%emt 0:01:28]} c6 {[%emt 0:00:15]} 5. cxd5 {[%emt 0:01:39]} exd5 {[%emt 0:00:05]} 6. e3 {[%emt 0:00:22]} Nbd7 {[%emt 0:00:15]} 7. Bd3 {[%emt 0:00:32]} Be7 {[%emt 0:00:49]} 8. Nf3 {[%emt 0:00:44]} O-O {[%emt 0:11:51]} 9. O-O {[%emt 0:00:21]} Re8 {[%emt 0:00:40]} 10. Qc2 {[%emt 0:01:10]} Nf8 {[%emt 0:00:02]} 11. Rab1 {[%emt 0:03:54]} a5 {[%emt 0:01:33]} 12. a3 {[%emt 0:04:25]} Ng6 {[%emt 0:01:37]} 13. b4 {[%emt 0:08:22]} axb4 {[%emt 0:01:59]} 14. axb4 {[%emt 0:00:18]} Bd6 {[%emt 0:00:25]} 15. Ne2 {[%emt 0:24:38]} h6 {[%emt 0:04:40]} 16. Bxf6 {[%emt 0:14:06]} Qxf6 {[%emt 0:00:26]} 17. Ng3 {[%emt 0:00:58]} Bg4 {[%emt 0:11:35]} 18. Nd2 {[%emt 0:02:44]} h5 {[%emt 0:20:27]} 19. h3 {[%emt 0:07:06]} Bc8 {[%emt 0:07:59]} 20. Rfe1 {[%emt 0:07:34]} Bxg3 {[%emt 0:20:07]} 21. fxg3 {[%emt 0:00:10]} Qd6 {[%emt 0:00:27]} 22. Nf1 {[%emt 0:01:42]} Bd7 {[%emt 0:00:26]} 23. Qc5 {[%emt 0:01:11]} Qf6 {[%emt 0:03:04]} 24. b5 {[%emt 0:01:18]} Bf5 {[%emt 0:02:47]} 25. Bxf5 {[%emt 0:01:06]} Qxf5 {[%emt 0:00:01]} 26. Rb2 {[%emt 0:00:24]} Rac8 {[%emt 0:02:12]} 27. bxc6 {[%emt 0:01:28]} bxc6 {[%emt 0:00:05]} 28. Ree2 {[%emt 0:02:55]} Qe6 {[%emt 0:01:03]} 29. Rb6 {[%emt 0:04:21]} Nf8 {[%emt 0:00:37]} 30. Rb7 {[%emt 0:01:53]} Nd7 {[%emt 0:00:20]} 31. Qb4 {[%emt 0:01:53]} Nf6 {[%emt 0:00:18]} 32. Rf2 {[%emt 0:00:17]} Rcd8 {[%emt 0:05:15]} 33. Rb6 {[%emt 0:02:17]} Ne4 {[%emt 0:00:50]} 34. Rf3 {[%emt 0:00:45]} Qd6 {[%emt 0:00:39]} 35. Qxd6 {[%emt 0:00:49]} Rxd6 {[%emt 0:00:02]} 36. Rb7 {[%emt 0:00:17]} f6 {[%emt 0:00:54]} 37. Rb2 {[%emt 0:02:13]} Ra8 {[%emt 0:00:43]} 38. Nd2 {[%emt 0:00:52]} Ra1+ {[%emt 0:01:07]} 39. Kh2 {[%emt 0:00:28]} Ng5 {[%emt 0:00:51]} 40. Rf1 {[%emt 0:00:57]} Rxf1 {[%emt 0:01:35]} 41. Nxf1 {[%emt 0:30:05]} Re6 {[%emt 0:30:07]} 42. g4 {[%emt 0:00:00]} hxg4 {[%emt 0:00:00]} 43. hxg4 {[%emt 0:00:00]} Ne4 {[%emt 0:00:00]} 44. Re2 {[%emt 0:00:00]} Kf7 {[%emt 0:00:00]} 45. Ng3 {[%emt 0:00:00]} Nxg3 {[%emt 0:00:00]} 46. Kxg3 {[%emt 0:00:00]} Kg6 {[%emt 0:00:00]} 47. Kf3 {[%emt 0:00:00]} Kg5 {[%emt 0:00:00]} 48. Rc2 {[%emt 0:00:00]} 1/2-1/2

[Event "CZE-ch Youth B14 2022"]
[Site "Luhacovice"]
[Date "2022.03.14"]
[Round "4.2"]
[White "Hladky, Tadeas"]
[Black "Buchta, Bartolomej"]
[Result "1-0"]
[WhiteElo "2029"]
[BlackElo "1901"]
[Annotator "ChessBase"]
[PlyCount "61"]
[EventDate "2022.03.12"]
[EventType "swiss"]
[EventCountry "CZE"]
[SourceTitle "playchess.com"]
[Source "ChessBase"]
[SourceQuality "1"]
[TimeControl "40/5400+30:1800+30"]

1. e4 {[%emt 0:00:05]} c5 {[%emt 0:00:08]} 2. Nf3 {[%emt 0:00:13]} d6 {[%emt 0:00:09]} 3. Bb5+ {[%emt 0:00:10]} Nd7 {[%emt 0:00:07]} 4. d4 {[%emt 0:00:13]} cxd4 {[%emt 0:00:16]} 5. Qxd4 {[%emt 0:00:11]} a6 {[%emt 0:00:55]} 6. Bxd7+ {[%emt 0:00:12]} Bxd7 {[%emt 0:00:08]} 7. O-O {[%emt 0:00:12]} e5 {[%emt 0:01:00]} 8. Qd3 {[%emt 0:00:14]} h6 {[%emt 0:00:15]} 9. c4 {[%emt 0:00:32]} b5 {[%emt 0:00:15]} 10. Nbd2 {[%emt 0:01:18]} Nf6 {[%emt 0:00:49]} 11. b3 {[%emt 0:00:26]} Be7 {[%emt 0:01:04]} 12. Ba3 {[%emt 0:01:10]} Qb8 {[%emt 0:00:36]} 13. Rac1 {[%emt 0:01:12]} b4 {[%emt 0:03:41]} 14. Bb2 {[%emt 0:01:09]} O-O {[%emt 0:07:17]} 15. c5 {[%emt 0:06:03]} Bb5 {[%emt 0:04:55]} 16. Nc4 {[%emt 0:00:09]} Rd8 {[%emt 0:08:09]} 17. cxd6 {[%emt 0:03:17]} Bxd6 {[%emt 0:00:08]} 18. Rfd1 {[%emt 0:02:17]} Qa7 {[%emt 0:30:00]} 19. Qc2 {[%emt 0:14:10]} Bxc4 {[%emt 0:07:16]} 20. Qxc4 {[%emt 0:00:40]} Ng4 {[%emt 0:01:05]} 21. Rf1 {[%emt 0:04:05]} Qb7 {[%emt 0:14:27]} 22. h3 {[%emt 0:05:52]} Rac8 {[%emt 0:00:34]} 23. Qd3 {[%emt 0:09:59]} Bc5 {[%emt 0:07:03]} 24. Qe2 {[%emt 0:00:58]} Nf6 {[%emt 0:02:02]} 25. Rfe1 {[%emt 0:05:40]} Bd4 {[%emt 0:00:36]} 26. Rxc8 {[%emt 0:00:26]} Qxc8 {[%emt 0:00:04]} 27. Nxe5 {[%emt 0:00:24]} Nxe4 {[%emt 0:01:17]} 28. Bxd4 {[%emt 0:01:40]} Nc3 {[%emt 0:04:27]} 29. Bxc3 {[%emt 0:00:48]} bxc3 {[%emt 0:00:04]} 30. Qc4 {[%emt 0:02:22]} Qxc4 {[%emt 0:01:56]} 31. Nxc4 {[%emt 0:00:06]} 1-0

[Event "CZE-ch Youth B14 2022"]
[Site "Luhacovice"]
[Date "2022.03.14"]
[Round "4.3"]
[White "Fizer, Marek"]
[Black "Babula, Matej"]
[Result "1-0"]
[WhiteElo "1876"]
[BlackElo "1753"]
[Annotator "NA"]
[PlyCount "35"]
[EventDate "2022.03.12"]
[EventType "swiss"]
[EventCountry "CZE"]
[SourceTitle "playchess.com"]
[Source "ChessBase"]
[SourceQuality "1"]
[TimeControl "40/5400+30:1800+30"]

1. e4 {[%emt 0:00:03]} c5 {[%emt 0:00:04]} 2. Nf3 {[%emt 0:00:10]} e6 {[%emt 0:00:03]} 3. d4 {[%emt 0:00:09]} cxd4 {[%emt 0:00:02]} 4. Nxd4 {[%emt 0:00:08]} a6 {[%emt 0:00:04]} 5. Nc3 {[%emt 0:00:08]} Qc7 {[%emt 0:00:26]} 6. Bd3 {[%emt 0:00:08]} Nf6 {[%emt 0:00:32]} 7. O-O {[%emt 0:00:43]} Bc5 {[%emt 0:00:10]} 8. Nb3 {[%emt 0:00:45]} Ba7 {[%emt 0:00:17]} 9. a4 {[%emt 0:01:35]} h5 {[%emt 0:08:17]} 10. Qf3 {[%emt 0:08:09]} h4 {[%emt 0:17:12]} 11. Bg5 {[%emt 0:02:20]} Nh5 {[%emt 0:04:13]} 12. Rae1 {[%emt 0:03:05]} Kf8 {[%emt 0:09:10]} 13. e5 {[%emt 0:02:18]} d5 {[%emt 0:09:45]} 14. exd6 {[%emt 0:00:56]} Qxd6 {[%emt 0:00:19]} 15. Bg6 {[%emt 0:00:26]} Nf6 {[%emt 0:06:56]} 16. Bxf6 {[%emt 0:00:26]} e5 {[%emt 0:01:45]} 17. Rd1 {[%emt 0:04:10]} Qxf6 {[%emt 0:00:41]} 18. Rd8+ {[%emt 0:00:09]} 1-0

[Event "CZE-ch Youth B14 2022"]
[Site "Luhacovice"]
[Date "2022.03.14"]
[Round "4.4"]
[White "Zrubek, Dan"]
[Black "Zelba, Lukas"]
[Result "1/2-1/2"]
[WhiteElo "1478"]
[BlackElo "1945"]
[Annotator "ChessBase"]
[PlyCount "55"]
[EventDate "2022.03.12"]
[EventType "swiss"]
[EventCountry "CZE"]
[SourceTitle "playchess.com"]
[Source "ChessBase"]
[SourceQuality "1"]
[TimeControl "40/5400+30:1800+30"]

1. e4 {[%emt 0:00:03]} e6 {[%emt 0:00:08]} 2. d4 {[%emt 0:00:09]} d5 {[%emt 0:00:03]} 3. Bd3 {[%emt 0:00:20]} Nf6 {[%emt 0:02:36]} 4. e5 {[%emt 0:00:35]} Nfd7 {[%emt 0:00:05]} 5. Nf3 {[%emt 0:00:52]} c5 {[%emt 0:00:06]} 6. c3 {[%emt 0:00:59]} Nc6 {[%emt 0:03:37]} 7. O-O {[%emt 0:02:59]} c4 {[%emt 0:18:48]} 8. Bc2 {[%emt 0:05:16]} b5 {[%emt 0:00:13]} 9. a3 {[%emt 0:03:19]} a5 {[%emt 0:02:31]} 10. Nbd2 {[%emt 0:09:57]} a4 {[%emt 0:05:59]} 11. Ne1 {[%emt 0:02:46]} Qb6 {[%emt 0:19:03]} 12. Kh1 {[%emt 0:10:11]} g6 {[%emt 0:16:25]} 13. f4 {[%emt 0:08:53]} h5 {[%emt 0:01:19]} 14. Nef3 {[%emt 0:04:32]} Ra7 {[%emt 0:07:52]} 15. Ng5 {[%emt 0:03:37]} Nd8 {[%emt 0:00:33]} 16. Ndf3 {[%emt 0:02:14]} Nb8 {[%emt 0:02:06]} 17. Qe1 {[%emt 0:02:42]} Nbc6 {[%emt 0:00:50]} 18. Qf2 {[%emt 0:01:39]} Ne7 {[%emt 0:00:42]} 19. Nh4 {[%emt 0:02:06]} Kd7 {[%emt 0:05:59]} 20. Bd2 {[%emt 0:01:46]} Kc7 {[%emt 0:00:32]} 21. Be3 {[%emt 0:00:38]} Kb8 {[%emt 0:00:16]} 22. Bd2 {[%emt 0:00:39]} Qc6 {[%emt 0:00:19]} 23. Be3 {[%emt 0:01:13]} Bd7 {[%emt 0:00:21]} 24. Rad1 {[%emt 0:01:15]} Be8 {[%emt 0:00:58]} 25. Bc1 {[%emt 0:01:07]} Rb7 {[%emt 0:00:17]} 26. Be3 {[%emt 0:00:15]} Ra7 {[%emt 0:00:04]} 27. Bc1 {[%emt 0:00:13]} Rb7 {[%emt 0:00:03]} 28. Be3 {[%emt 0:00:25]} 1/2-1/2